Central Library OPAC University of Rajshahi

Childhood pathology and later adjustment : (Record no. 29491)

MARC details
000 -LEADER
fixed length control field 01222nam a2200325 i 4500
001 - CONTROL NUMBER
control field 29491
003 - CONTROL NUMBER IDENTIFIER
rucl marc code BD-RjUL
005 - DATE AND TIME OF LATEST TRANSACTION
control field 20211209051423.0
008 - FIXED-LENGTH DATA ELEMENTS--GENERAL INFORMATION
fixed length control field 140403s1979 nyu b 00110 eng
020 ## - INTERNATIONAL STANDARD BOOK NUMBER
International Standard Book Number 0471045535
035 ## - SYSTEM CONTROL NUMBER
System control number (BD-RjUL)29576
040 ## - CATALOGING SOURCE
Original cataloging agency DLC
Language of cataloging eng
Transcribing agency ANL
Modifying agency BD-RjUL
041 ## - LANGUAGE CODE
Language code of text/sound track or separate title eng
082 00 - DEWEY DECIMAL CLASSIFICATION NUMBER
Classification number 618.928909
Author mark and year CAS 1979
100 1# - MAIN ENTRY--PERSONAL NAME
Personal name Cass, Loretta K.
9 (RLIN) 89896
245 10 - TITLE STATEMENT
Title Childhood pathology and later adjustment :
Remainder of title the question of prediction /
Statement of responsibility, etc. Loretta K. Cass, Carolyn B. Thomas.
260 ## - PUBLICATION, DISTRIBUTION, ETC. (IMPRINT)
Place of publication, distribution, etc. New York :
Name of publisher, distributor, etc. Wiley,
Date of publication, distribution, etc. c1979.
300 ## - PHYSICAL DESCRIPTION
Pagination xiv, 268 p. ;
Size 24 cm.
490 0# - SERIES STATEMENT
Series statement Wiley series on personality processes
500 ## - GENERAL NOTE
General note "A Wiley-Interscience publication."
504 ## - BIBLIOGRAPHY, ETC. NOTE
Bibliography, etc Bibliography: p. 247-259.and indexes.
650 #0 - SUBJECT ADDED ENTRY--TOPICAL TERM
Topical term or geographic name as entry element Mental illness
General subdivision Forecasting
-- Longitudinal studies.
9 (RLIN) 89897
Topical term or geographic name as entry element Adjustment (Psychology)
General subdivision Longitudinal studies.
9 (RLIN) 3962
Topical term or geographic name as entry element Child psychopathology
General subdivision Longitudinal studies.
9 (RLIN) 89898
Topical term or geographic name as entry element Affective disorders
General subdivision In infancy & childhood
-- Case studies.
9 (RLIN) 89899
Topical term or geographic name as entry element Follow-up studies.
9 (RLIN) 89900
Topical term or geographic name as entry element Personality development
General subdivision Case studies.
9 (RLIN) 89901
700 1# - ADDED ENTRY--PERSONAL NAME
Personal name Thomas, Carolyn B.,
Dates associated with a name 1927-
Relator term joint author.
942 ## - ADDED ENTRY ELEMENTS (KOHA)
Source of classification or shelving scheme Dewey Decimal Classification
Koha item type Books
Holdings
Lost status Source of classification or shelving scheme Damaged status Not for loan Collection code Permanent Location Current Location Shelving location Date acquired Source of acquisition Cost, normal purchase price Total Checkouts Full call number Date last seen Copy number Koha item type
  Dewey Decimal Classification   Added to bundle Non-fiction Central Library, University of Rajshahi Central Library, University of Rajshahi Reading Room 14/10/1984 Tulip-Tapom. 31.85   618.928909 CAS 1979 03/04/2014 C-1 Books
  Dewey Decimal Classification     Non-fiction Central Library, University of Rajshahi Central Library, University of Rajshahi   14/10/1984 Tulip-Tapom. 31.85   618.928909 CAS 1979 03/04/2014 C-2 Books